00301 a2200121 450000500170000002000180001710000110003524500260004626000330007230000460010594200130015199900150016420260314081419.0 a9781266932595 aHILL,C aGlobal Business Today aNew yorkbMcgraw Hill c2024 axxii,586p;ill;graph, picturebIndexc27cm 2ddccBKS c6823d6823